How secular is art ?: On the politics of art, history, and religion in South Asia (Record no. 395979)

MARC details
000 -LEADER
fixed length control field 00602 a2200205 4500
005 - DATE & TIME
control field 20260417113215.0
008 - FIXED-LENGTH DATA ELEMENTS--GENERAL INFORMATION
fixed length control field 260416b |||||||| |||| 00| 0 eng d
020 ## - ISBN
International Standard Book Number 9781009380478
Price Rs. 1295.00
040 ## - CATALOGING SOURCE
Original cataloging agency VIVEKANANDA LIBRARY
082 ## - DDC NUMBER
Classification number 701.170954
Book Number G939H
100 ## - MAIN ENTRY--PERSONAL NAME
Personal name Guha-Thakurta, Tapati, ed.
245 ## - TITLE STATEMENT
Title How secular is art ?: On the politics of art, history, and religion in South Asia
250 ## - EDITION STATEMENT
Edition statement
260 ## - PUBLICATION, DISTRIBUTION, ETC. (IMPRINT)
Name of publisher, distributor, etc Cambridge University Press
Date of publication, distribution, etc 2023
Place of publication, distribution, etc New York
300 ## - PHYSICAL DESCRIPTION
Pages xiv, 429
650 ## - Subject
Subject Visual Arts
650 ## - Subject
Subject Indian Secularism
700 ## - Added Entry Personal Name
Added Entry Personal Name Zamindar, Vazira, ed.
942 ## - ADDED ENTRY ELEMENTS (KOHA)
Koha item type Books
Holdings
Withdrawn status Lost status Source of classification or shelving scheme Damaged status Not for loan Location (home branch) Sublocation or collection (holding branch) Shelving location Date acquired Koha issues (times borrowed) Koha full call number Accession No. Koha date last seen Koha item type
    Dewey Decimal Classification     VIVEKANANDA LIBRARY VIVEKANANDA LIBRARY Vivekananda Library 25/03/2026   701.170954 G939H 438910 25/03/2026 Books
© Designed and Maintained by Vivekananda Library, MDU Rohtak